[Event "Wch U20 50th"]
[Site "Chennai"]
[Date "2011.08.15"]
[Round "13"]
[White "Karma, Pandya"]
[Black "Sekar, B."]
[Result "1-0"]
[WhiteElo "2136"]
[BlackElo "2061"]
[PlyCount "71"]
[EventDate "2011.08.02"]
[EventType "swiss"]
[EventRounds "13"]
[EventCountry "IND"]
[SourceTitle "CBM 143 Extra"]
[Source "ChessBase"]
[SourceDate "2011.08.29"]
[SourceVersion "1"]
[SourceVersionDate "2011.08.29"]
[SourceQuality "1"]

1. e4 c5 2. Nf3 d6 3. d4 cxd4 4. Nxd4 Nf6 5. Nc3 a6 6. Bc4 e6 7. Bb3 Nbd7 8. Bg5 Qa5 9. Qd2 Be7 10. 0-0-0 Nc5 11. f4 Qc7 12. Rhe1 0-0 13. e5 dxe5 14. fxe5 Ne8 15. Bxe7 Qxe7 16. Ne4 Nxe4 17. Rxe4 Bd7 18. Re3 Rd8 19. Rd3 Rc8 20. Nf5 exf5 21. Rxd7 Qxe5 22. Re1 Qc5 23. Ree7 Nf6 24. Rxb7 Ne4 25. Qe1 Qc6 26. Rxf7 Rxf7 27. Rxf7 Kh8 28. Rxf5 Qh6+ 29. Kb1 Nd2+ 30. Ka1 Nxb3+ 31. axb3 Qxh2 32. Qb4 Rg8 33. Qe4 h6 34. Ka2 Qc7 35. g4 Rc8 36. g5 1-0

[Event "Wch U20 50th"]
[Site "Chennai"]
[Date "2011.08.10"]
[Round "8"]
[White "Kuchynka, Lukas"]
[Black "Karma, Pandya"]
[Result "1-0"]
[WhiteElo "2339"]
[BlackElo "2136"]
[PlyCount "89"]
[EventDate "2011.08.02"]
[EventType "swiss"]
[EventRounds "13"]
[EventCountry "IND"]
[SourceTitle "CBM 143 Extra"]
[Source "ChessBase"]
[SourceDate "2011.08.29"]
[SourceVersion "1"]
[SourceVersionDate "2011.08.29"]
[SourceQuality "1"]

1. d4 d5 2. c4 dxc4 3. e3 Nf6 4. Bxc4 e6 5. Nf3 a6 6. 0-0 c5 7. dxc5 Qxd1 8. Rxd1 Bxc5 9. a3 0-0 10. b4 Be7 11. Bb2 Nc6 12. Nbd2 Rd8 13. Rac1 Bd7 14. Kf1 Be8 15. Ke2 Rac8 16. Bb3 Kf8 17. g3 a5 18. b5 Nb8 19. a4 Nbd7 20. Nc4 Nc5 21. Rxd8 Rxd8 22. Bc2 Nd5 23. Nd4 Nb4 24. f4 Nxc2 25. Rxc2 Nxa4 26. Nxa5 Ra8 27. Nab3 Nxb2 28. Rxb2 Ra4 29. Rc2 Bd6 30. Nc5 Bxc5 31. Rxc5 Ra2+ 32. Kd3 Rxh2 33. Rc7 b6 34. Rb7 Rg2 35. Rxb6 Bxb5+ 36. Rxb5 Rxg3 37. Nc6 g6 38. Rb7 g5 39. Ne5 f5 40. fxg5 Rxg5 41. Rxh7 Rg1 42. Ke2 Rg2+ 43. Kf3 Rg1 44. Rh6 Ke7 45. Nc6+ 1-0

[Event "Wch U20 50th"]
[Site "Chennai"]
[Date "2011.08.07"]
[Round "6"]
[White "Botta, Gabriele"]
[Black "Karma, Pandya"]
[Result "1/2-1/2"]
[WhiteElo "2261"]
[BlackElo "2136"]
[PlyCount "160"]
[EventDate "2011.08.02"]
[EventType "swiss"]
[EventRounds "13"]
[EventCountry "IND"]
[SourceTitle "CBM 143 Extra"]
[Source "ChessBase"]
[SourceDate "2011.08.29"]
[SourceVersion "1"]
[SourceVersionDate "2011.08.29"]
[SourceQuality "1"]

1. e4 e6 2. d4 d5 3. Nd2 c5 4. exd5 Qxd5 5. Ngf3 cxd4 6. Bc4 Qd6 7. 0-0 Nf6 8. Nb3 Nc6 9. Nbxd4 Nxd4 10. Nxd4 a6 11. c3 Qc7 12. Bb3 Bd6 13. h3 h5 14. Re1 Bh2+ 15. Kh1 Bd7 16. g3 Bxg3 17. fxg3 Qxg3 18. Re3 Qc7 19. Qe2 0-0-0 20. Qc4 Nd5 21. Qxc7+ Nxc7 22. Bd2 f6 23. Be1 e5 24. Nf3 g5 25. Kh2 Bc6 26. Nd2 e4 27. Nc4 b5 28. Na5 Ba8 29. c4 b4 30. Bxb4 f5 31. Bc2 Ne6 32. Nb3 g4 33. Bc3 Rhg8 34. Rf1 Ng5 35. Rxf5 Nf3+ 36. Kg3 h4+ 37. Kf2 g3+ 38. Kg2 Rdf8 39. Bxe4 Ne1+ 40. Bxe1 Bxe4+ 41. Rxe4 Rxf5 42. Rxh4 Re5 43. Bxg3 Re2+ 44. Kf3 Rxb2 45. Rh7 Rxa2 46. Rc7+ Kd8 47. Rb7 Rg6 48. Be5 Re6 49. Bf4 Rf6 50. Ke3 Rc6 51. Kd4 a5 52. Nc5 Rf2 53. Nd3 Rf3 54. h4 Rh3 55. Rb8+ Rc8 56. Bg5+ Kc7 57. Rb5 Ra8 58. Nf4 Rh1 59. Nd5+ Kc6 60. Rb6+ Kd7 61. Rb7+ Kc6 62. Rc7+ Kd6 63. c5+ Ke6 64. Re7+ Kf5 65. Rf7+ Kg4 66. Ne3+ Kg3 67. Nc4 a4 68. Re7 Rd1+ 69. Ke4 a3 70. Nxa3 Rxa3 71. c6 Rc3 72. Rc7 Rc5 73. Rc8 Kg4 74. c7 Rd7 75. Bd8 Kh5 76. Ke3 Kg4 77. Ke4 Kh5 78. Kf3 Rc4 79. Ra8 Rcxc7 80. Ra5+ Kh6 1/2-1/2

[Event "Dubai op 12th"]
[Site "Dubai"]
[Date "2010.04.11"]
[Round "7"]
[White "Karma, Pandya"]
[Black "Abdulov, Orkhan Javanshir"]
[Result "1/2-1/2"]
[WhiteElo "2134"]
[BlackElo "2312"]
[PlyCount "83"]
[EventDate "2010.04.05"]
[EventType "swiss"]
[EventRounds "9"]
[EventCountry "UAE"]
[SourceTitle "CBM 135 Extra"]
[Source "ChessBase"]
[SourceDate "2010.05.04"]
[SourceVersion "1"]
[SourceVersionDate "2010.05.04"]
[SourceQuality "1"]

1. e4 d6 2. d4 g6 3. Nc3 Bg7 4. Be3 Nd7 5. Qd2 a6 6. a4 b6 7. Bc4 Bb7 8. f3 e5 9. Nge2 exd4 10. Nxd4 Ngf6 11. Ba2 Ne5 12. 0-0 0-0 13. Bg5 Qd7 14. f4 Nc6 15. Nxc6 Bxc6 16. Rae1 Rae8 17. Qd3 b5 18. f5 Kh8 19. Qg3 gxf5 20. Bxf6 Bxf6 21. Rxf5 Be5 22. Qf3 f6 23. axb5 axb5 24. Kh1 b4 25. Nd5 Bxd5 26. Bxd5 Bxb2 27. g4 c6 28. Bb3 Bc3 29. Rf1 Qe7 30. g5 Qxe4 31. gxf6 Qxf3+ 32. R5xf3 d5 33. Rf5 Re6 34. f7 Rg6 35. h4 Kg7 36. h5 Rf6 37. Rxf6 Bxf6 38. Ba4 Kxf7 39. Bxc6 Rd8 40. Rf4 d4 41. Be4 Rc8 42. Rf5 1/2-1/2

[Event "Dubai op 12th"]
[Site "Dubai"]
[Date "2010.04.07"]
[Round "3"]
[White "Karma, Pandya"]
[Black "Bajarani, Ulvi"]
[Result "1/2-1/2"]
[WhiteElo "2134"]
[BlackElo "2395"]
[PlyCount "67"]
[EventDate "2010.04.05"]
[EventType "swiss"]
[EventRounds "9"]
[EventCountry "UAE"]
[SourceTitle "CBM 135 Extra"]
[Source "ChessBase"]
[SourceDate "2010.05.04"]
[SourceVersion "1"]
[SourceVersionDate "2010.05.04"]
[SourceQuality "1"]

1. e4 e6 2. d4 d5 3. Nc3 Nf6 4. Bg5 Be7 5. e5 Nfd7 6. Bxe7 Qxe7 7. f4 a6 8. Nf3 c5 9. Qd2 Nc6 10. dxc5 Nxc5 11. Bd3 0-0 12. 0-0 b5 13. Qe3 Nxd3 14. cxd3 Qb4 15. Ne2 d4 16. Nfxd4 Nxd4 17. Nxd4 Bb7 18. Nb3 Rac8 19. Rac1 Bd5 20. Qd4 Qe7 21. Rxc8 Rxc8 22. Rc1 Rxc1+ 23. Nxc1 Qh4 24. Qf2 Qg4 25. Ne2 h5 26. Nc3 Bc6 27. h3 Qg6 28. Qe2 Qg3 29. Qd2 Qg6 30. Qe2 Qg3 31. Qd2 g5 32. Ne4 Bxe4 33. dxe4 gxf4 34. Qd8+ 1/2-1/2

[Event "Dubai op 12th"]
[Site "Dubai"]
[Date "2010.04.05"]
[Round "1"]
[White "Karma, Pandya"]
[Black "Gagunashvili, Merab"]
[Result "0-1"]
[WhiteElo "2134"]
[BlackElo "2582"]
[PlyCount "112"]
[EventDate "2010.04.05"]
[EventType "swiss"]
[EventRounds "9"]
[EventCountry "UAE"]
[SourceTitle "CBM 135 Extra"]
[Source "ChessBase"]
[SourceDate "2010.05.04"]
[SourceVersion "1"]
[SourceVersionDate "2010.05.04"]
[SourceQuality "1"]

1. e4 d6 2. d4 Nf6 3. Nc3 g6 4. Be3 c6 5. h3 Nbd7 6. f4 e5 7. dxe5 dxe5 8. Qf3 exf4 9. Bxf4 Nh5 10. Be3 Ne5 11. Qf2 Be7 12. Rd1 Bd7 13. Nge2 0-0 14. Bh6 Re8 15. g3 Bg5 16. Bxg5 Qxg5 17. Bg2 Be6 18. 0-0 Nc4 19. g4 Ng7 20. Nf4 Ne5 21. Nce2 Bc4 22. Nd3 h5 23. gxh5 Nxh5 24. b3 Bxd3 25. cxd3 c5 26. b4 b6 27. bxc5 bxc5 28. Nc3 Rac8 29. Nd5 Kg7 30. Rb1 Rb8 31. Rxb8 Rxb8 32. d4 cxd4 33. Qxd4 Ng3 34. Rxf7+ Kh6 35. Rh7+ Kxh7 36. Qxa7+ Nd7 37. Qxd7+ Kh6 38. Qg4 Qxg4 39. hxg4 Rb2 40. a4 Ra2 41. a5 Ne2+ 42. Kf1 Nd4 43. a6 Rxa6 44. Kf2 Kg5 45. Ke3 Nc6 46. Bf1 Ra3+ 47. Kf2 Ne5 48. Be2 Nxg4+ 49. Bxg4 Kxg4 50. Kg2 g5 51. Kf2 Kh3 52. Ke2 g4 53. e5 g3 54. e6 g2 55. Nf4+ Kh2 56. e7 Ra8 0-1

[Event "New Delhi Parsvnath op 8th"]
[Site "New Delhi"]
[Date "2010.01.18"]
[Round "7"]
[White "Kiran, Manisha Mohanty"]
[Black "Karma, Pandya"]
[Result "1-0"]
[WhiteElo "2261"]
[BlackElo "2116"]
[PlyCount "79"]
[EventDate "2010.01.14"]
[EventType "swiss"]
[EventRounds "11"]
[EventCountry "IND"]
[SourceTitle "CBM 134 Extra"]
[Source "ChessBase"]
[SourceDate "2010.03.03"]
[SourceVersion "1"]
[SourceVersionDate "2010.03.03"]
[SourceQuality "1"]

1. e4 c5 2. Nf3 Nc6 3. d4 cxd4 4. Nxd4 g6 5. Nc3 Bg7 6. Nb3 Nf6 7. Be2 0-0 8. 0-0 d6 9. Re1 Be6 10. Bf1 a5 11. a4 Rc8 12. Bg5 h6 13. Bh4 Nd7 14. Rb1 Nb6 15. Bb5 g5 16. Bg3 Nc4 17. Nd5 Na7 18. Bxc4 Rxc4 19. c3 Bd7 20. Nd4 e6 21. Ne3 Rxa4 22. Bxd6 Re8 23. Bg3 b5 24. Qc2 h5 25. b3 Ra3 26. Bd6 b4 27. Nc4 e5 28. Ne2 Nb5 29. Rbd1 Nxd6 30. Nxd6 Be6 31. Nxe8 Qxe8 32. c4 a4 33. bxa4 b3 34. Qb2 Qxa4 35. Nc3 Qb4 36. Nd5 Qa5 37. Re3 Qa4 38. h3 f5 39. Rb1 fxe4 40. Rxb3 1-0

[Event "IND-ch U15"]
[Site "Mumbai"]
[Date "2009.11.07"]
[Round "8"]
[White "Bhambure, Shantanu"]
[Black "Karma, Pandya"]
[Result "1-0"]
[WhiteElo "1995"]
[BlackElo "2158"]
[PlyCount "77"]
[EventDate "2009.11.01"]
[EventType "swiss"]
[EventRounds "11"]
[EventCountry "IND"]
[SourceTitle "EXT 2011"]
[Source "ChessBase"]
[SourceDate "2010.11.26"]
[SourceVersion "1"]
[SourceVersionDate "2010.11.26"]
[SourceQuality "1"]

1. d4 Nf6 2. c4 e6 3. Nf3 Bb4+ 4. Nbd2 d6 5. a3 Bxd2+ 6. Qxd2 Qe7 7. b4 Nbd7 8. Bb2 0-0 9. e3 e5 10. dxe5 dxe5 11. c5 e4 12. Nd4 Ne5 13. h3 Rd8 14. Be2 b6 15. Rc1 Rd5 16. cxb6 cxb6 17. Qc2 Bb7 18. 0-0 Rc8 19. Qb3 Rcd8 20. Rc2 Ne8 21. Nf5 Qg5 22. Bxe5 Rxe5 23. Ng3 Qg6 24. Rfc1 h5 25. Bf1 Kh7 26. Qc3 Rg5 27. Rd2 Rc8 28. Qb2 Rxc1 29. Qxc1 Bd5 30. Qc8 Nf6 31. Qb8 Be6 32. Rd8 Kh6 33. Rh8+ Nh7 34. Kh2 Bd5 35. Ne2 Qf5 36. Nf4 f6 37. h4 Rg4 38. g3 g5 39. Qf8# 1-0

[Event "United Insurance 11th"]
[Site "Dhaka"]
[Date "2009.08.24"]
[Round "5"]
[White "Bhuiyan, Golam Mostafa"]
[Black "Karma, Pandya"]
[Result "1-0"]
[WhiteElo "2177"]
[BlackElo "2128"]
[PlyCount "79"]
[EventDate "2009.08.21"]
[EventType "swiss"]
[EventRounds "10"]
[EventCountry "BAN"]
[SourceTitle "CBM 131 Extra"]
[Source "ChessBase"]
[SourceDate "2009.09.03"]
[SourceVersion "2"]
[SourceVersionDate "2009.09.16"]
[SourceQuality "1"]

1. d4 d5 2. Nf3 Nf6 3. g3 Nbd7 4. Bg2 e6 5. 0-0 b5 6. a4 b4 7. a5 c5 8. c4 bxc3 9. Nxc3 Bb7 10. Qa4 Rc8 11. Be3 Bc6 12. Qc2 Bd6 13. dxc5 Nxc5 14. Bd4 0-0 15. Ne5 Bxe5 16. Bxe5 Ncd7 17. Bd6 Re8 18. Qd3 Nf8 19. Bc5 Qc7 20. Be3 e5 21. Bg5 e4 22. Qd2 d4 23. Bxf6 e3 24. Qxd4 Bxg2 25. Kxg2 gxf6 26. fxe3 Qb7+ 27. Nd5 Ne6 28. Qg4+ Ng5 29. e4 Kh8 30. Nxf6 Nxe4 31. Kh3 Nxf6 32. Rxf6 Re4 33. Rf4 Rce8 34. Raf1 Rxe2 35. R1f2 R2e6 36. Qf3 Rh6+ 37. Kg2 Qd7 38. h4 Rg6 39. Rxf7 Qd6 40. Rf8+ 1-0

[Event "United Insurance 11th"]
[Site "Dhaka"]
[Date "2009.08.22"]
[Round "2"]
[White "Ahmed, Sk Nasir"]
[Black "Karma, Pandya"]
[Result "1-0"]
[WhiteElo "2291"]
[BlackElo "2128"]
[PlyCount "65"]
[EventDate "2009.08.21"]
[EventType "swiss"]
[EventRounds "10"]
[EventCountry "BAN"]
[SourceTitle "CBM 131 Extra"]
[Source "ChessBase"]
[SourceDate "2009.09.03"]
[SourceVersion "2"]
[SourceVersionDate "2009.09.16"]
[SourceQuality "1"]

1. e4 c5 2. Nf3 Nc6 3. d3 g6 4. g3 Bg7 5. Bg2 d6 6. c3 e5 7. 0-0 Nge7 8. a3 a5 9. a4 0-0 10. Na3 h6 11. Nb5 Be6 12. Re1 f5 13. exf5 Nxf5 14. d4 cxd4 15. Nfxd4 Nfxd4 16. cxd4 Bf7 17. dxe5 dxe5 18. Nd6 Nd4 19. Nxf7 Rxf7 20. Be3 Kh7 21. Be4 Qf6 22. Bxd4 exd4 23. Re2 Kh8 24. Qd3 Re7 25. Rae1 Ra6 26. Bd5 Rxe2 27. Rxe2 Rb6 28. Re8+ Bf8 29. b3 Kg7 30. Qc4 d3 31. Qc7+ Kh8 32. Rxf8+ Qxf8 33. Qxb6 1-0

[Event "New Delhi Parsvnath op 7th"]
[Site "New Delhi"]
[Date "2009.01.16"]
[Round "7"]
[White "Akshayraj, Kore"]
[Black "Karma, Pandya"]
[Result "1-0"]
[WhiteElo "2403"]
[BlackElo "2058"]
[PlyCount "51"]
[EventDate "2009.01.11"]
[EventType "swiss"]
[EventRounds "10"]
[EventCountry "IND"]
[SourceTitle "CBM 128 Extra"]
[Source "ChessBase"]
[SourceDate "2009.03.05"]
[SourceVersion "2"]
[SourceVersionDate "2009.03.25"]
[SourceQuality "1"]

1. c4 c5 2. Nc3 Nc6 3. Nf3 Nf6 4. g3 e5 5. Bg2 g6 6. 0-0 Bg7 7. a3 0-0 8. b4 d6 9. Rb1 Bf5 10. d3 Qc8 11. Bg5 e4 12. Ne1 exd3 13. Nxd3 cxb4 14. axb4 Re8 15. Bxf6 Bxf6 16. Nd5 Bg7 17. b5 Nd4 18. Re1 Qxc4 19. e4 Bxe4 20. Rxe4 Rxe4 21. Bxe4 Re8 22. Rc1 Qa2 23. Nc3 Qa3 24. Bxb7 Nb3 25. Nb1 Qa2 26. Bd5 1-0

[Event "Wch U12"]
[Site "Vung Tau"]
[Date "2008.10.30"]
[Round "11"]
[White "Karma, Pandya"]
[Black "Velikanov, Alexander"]
[Result "1-0"]
[WhiteElo "1971"]
[BlackElo "2067"]
[PlyCount "51"]
[EventDate "2008.10.20"]
[EventType "swiss"]
[EventRounds "11"]
[EventCountry "VIE"]
[SourceTitle "EXT 2009"]
[Source "ChessBase"]
[SourceDate "2008.11.26"]
[SourceVersion "1"]
[SourceVersionDate "2008.11.26"]
[SourceQuality "1"]

1. e4 c5 2. Nf3 d6 3. d4 cxd4 4. Nxd4 Nf6 5. Nc3 a6 6. Bc4 e6 7. Bb3 b5 8. Bg5 Be7 9. Qf3 Qb6 10. 0-0-0 0-0 11. Qe2 Bb7 12. f4 Rd8 13. f5 e5 14. Nf3 Nbd7 15. Kb1 Rac8 16. Bxf6 Nxf6 17. Ng5 Rxc3 18. Bxf7+ Kf8 19. bxc3 h6 20. Be6 hxg5 21. h4 g4 22. h5 Bc8 23. h6 gxh6 24. Qd2 Bxe6 25. Qxh6+ Ke8 26. fxe6 1-0

[Event "Mumbai Mayors Cup 1st"]
[Site "Mumbai"]
[Date "2008.05.12"]
[Round "2"]
[White "Rajesh, VAV"]
[Black "Karma, Pandya"]
[Result "1-0"]
[WhiteElo "2259"]
[BlackElo "1949"]
[PlyCount "87"]
[EventDate "2008.05.11"]
[EventType "swiss"]
[EventRounds "11"]
[EventCountry "IND"]
[SourceTitle "CBM 124 Extra"]
[Source "ChessBase"]
[SourceDate "2008.07.03"]
[SourceVersion "1"]
[SourceVersionDate "2008.07.03"]
[SourceQuality "1"]

1. Nf3 c5 2. c4 Nc6 3. Nc3 g6 4. e3 Bg7 5. d4 cxd4 6. exd4 d6 7. Be2 Nf6 8. 0-0 0-0 9. d5 Nb8 10. Be3 Nbd7 11. Rc1 Nc5 12. b4 Nce4 13. Nxe4 Nxe4 14. Qc2 Nf6 15. Rfd1 Bf5 16. Qb3 a5 17. a3 axb4 18. axb4 Bd7 19. Rf1 Ra4 20. c5 Qa8 21. b5 dxc5 22. Bxc5 Re8 23. Bc4 Ne4 24. Bb4 Nd6 25. b6 Rc8 26. Rfe1 Bf6 27. h3 Kg7 28. Bf1 Rxc1 29. Rxc1 Ra1 30. Qc2 Rxc1 31. Qxc1 Bb5 32. Bxd6 Bxf1 33. Bf4 Bb5 34. Bh6+ Kg8 35. Qc7 Be2 36. Ne1 Bb5 37. Nc2 Bd3 38. Ne1 Bb5 39. Kh2 Ba6 40. Nf3 Qe8 41. Ne5 Bg7 42. Bxg7 Kxg7 43. Nc6 h6 44. Nxe7 1-0

[Event "New Delhi Parsvnath op 6th"]
[Site "New Delhi"]
[Date "2008.01.13"]
[Round "1"]
[White "Thejkumar, MS."]
[Black "Karma, Pandya"]
[Result "1-0"]
[WhiteElo "2382"]
[BlackElo "1856"]
[PlyCount "83"]
[EventDate "2008.01.13"]
[EventType "swiss"]
[EventRounds "10"]
[EventCountry "IND"]
[SourceTitle "CBM 122 Extra"]
[Source "ChessBase"]
[SourceDate "2008.03.04"]
[SourceVersion "1"]
[SourceVersionDate "2008.03.04"]
[SourceQuality "1"]

1. d4 Nf6 2. Nf3 e6 3. c4 b6 4. Qc2 Bb7 5. Nc3 Bb4 6. Bg5 c5 7. dxc5 bxc5 8. a3 Ba5 9. Nd2 h6 10. Bh4 d5 11. cxd5 exd5 12. e3 0-0 13. Bd3 c4 14. Be2 Re8 15. Rd1 g5 16. Bg3 Qe7 17. 0-0 d4 18. Nxc4 Nc6 19. Nxa5 dxc3 20. Bd6 Qd7 21. Nxb7 Qxb7 22. bxc3 Rad8 23. c4 Ne4 24. c5 Nxd6 25. cxd6 Re6 26. Bf3 Rc8 27. d7 Rd8 28. Rc1 Qxd7 29. Bxc6 Qe7 30. Bf3 Red6 31. Rfd1 Rxd1+ 32. Rxd1 Rxd1+ 33. Qxd1 Qxa3 34. Qd8+ Kg7 35. Qd4+ Kg8 36. g3 a5 37. Qf6 Qc5 38. Qxh6 a4 39. Be4 Qc4 40. Bh7+ Kh8 41. Bd3+ Kg8 42. Bxc4 1-0

[Event "Commonwealth-ch"]
[Site "New Delhi"]
[Date "2007.12.05"]
[Round "4"]
[White "Bharathi, R."]
[Black "Karma, Pandya"]
[Result "1-0"]
[WhiteElo "2017"]
[BlackElo "1852"]
[PlyCount "93"]
[EventDate "2007.12.03"]
[EventType "swiss"]
[EventRounds "10"]
[EventCountry "IND"]
[SourceTitle "CBM 121 Extra"]
[Source "ChessBase"]
[SourceDate "2008.01.10"]
[SourceVersion "1"]
[SourceVersionDate "2008.01.10"]
[SourceQuality "1"]

1. e4 c5 2. Nf3 Nc6 3. d4 cxd4 4. Nxd4 Nf6 5. Nc3 e6 6. Be2 Bb4 7. Bf3 d5 8. exd5 Nxd5 9. Nxc6 bxc6 10. 0-0 0-0 11. Bd2 Bb7 12. Ne4 Be7 13. c4 Nf6 14. b4 Qc7 15. Bc3 Nxe4 16. Bxe4 f5 17. Bf3 e5 18. c5 Bf6 19. Be2 Rad8 20. Qb3+ Kh8 21. Rad1 Qc8 22. a4 a6 23. Bc4 Qc7 24. Rfe1 Rfe8 25. Qb2 f4 26. f3 Qc8 27. Rxd8 Qxd8 28. Qe2 Qc8 29. Rd1 h6 30. Qe4 Qc7 31. Rd6 Qe7 32. Bd3 Kg8 33. Qh7+ Kf8 34. Bg6 Qf7 35. Bxf7 Kxf7 36. Rd7+ Re7 37. Rxe7+ Kxe7 38. Qd3 Kf7 39. Qd7+ Kg6 40. Qxb7 e4 41. Bxf6 gxf6 42. fxe4 Kh5 43. Qf7+ Kh4 44. Qxf6+ Kh5 45. Qf5+ Kh4 46. h3 f3 47. Qg4# 1-0

[Event "IND-ch U11 20th"]
[Site "Chennai"]
[Date "2006.11.10"]
[Round "10"]
[White "Karma, Pandya"]
[Black "Girish, A Koushnik"]
[Result "0-1"]
[WhiteElo "1787"]
[BlackElo "1995"]
[PlyCount "142"]
[EventDate "2006.11.04"]
[EventType "swiss"]
[EventRounds "11"]
[EventCountry "IND"]
[SourceTitle "EXT 2010"]
[Source "ChessBase"]
[SourceDate "2010.11.25"]
[SourceVersion "1"]
[SourceVersionDate "2010.11.25"]
[SourceQuality "1"]

1. e4 c5 2. Nc3 d6 3. g3 g6 4. Bg2 Bg7 5. d3 Nc6 6. Be3 e6 7. Qd2 Nd4 8. Nge2 Ne7 9. Nd1 Nxe2 10. Qxe2 Nc6 11. c3 Rb8 12. 0-0 0-0 13. f4 Qc7 14. Nf2 b5 15. Rfd1 Na5 16. Rac1 c4 17. d4 Nc6 18. e5 d5 19. g4 f5 20. exf6 Bxf6 21. g5 Bg7 22. Ng4 Bd7 23. Ne5 Nxe5 24. fxe5 Rf7 25. h4 Rbf8 26. Rf1 Rxf1+ 27. Rxf1 Rxf1+ 28. Kxf1 Be8 29. Bf4 Qf7 30. Qf2 Qf5 31. Kg1 Qb1+ 32. Kh2 Qxa2 33. Bf3 Qa6 34. Bg4 Bf7 35. Qe2 Qb7 36. Qd1 a5 37. Qa1 Qc7 38. Bd2 Bf8 39. Kg3 Be7 40. Qd1 Qd8 41. Qh1 Qe8 42. Qh3 Bd8 43. Qf1 Kg7 44. Qf4 Bg8 45. Bf3 Qf7 46. Qe3 Be7 47. Qe2 Qf5 48. Bg4 Qc2 49. h5 Bf7 50. hxg6 hxg6 51. Qh2 Kg8 52. Bf4 Qd3+ 53. Bf3 b4 54. Qd2 Qxd2 55. Bxd2 b3 56. Bc1 Kf8 57. Kf2 Ke8 58. Ke1 Kd7 59. Kd1 a4 60. Be2 Kc6 61. Bf3 Kb5 62. Bg4 a3 63. bxa3 Ka4 64. Bb2 Bxa3 65. Kc1 Be7 66. Kb1 Bxg5 67. Ka1 Bd2 68. Kb1 g5 69. Ka1 Kb5 70. Kb1 Bg6+ 71. Ka1 Bf5 0-1

[Event "IND-ch U11 20th"]
[Site "Chennai"]
[Date "2006.11.09"]
[Round "8"]
[White "Karma, Pandya"]
[Black "Patil, Pratik"]
[Result "1/2-1/2"]
[WhiteElo "1787"]
[BlackElo "1959"]
[PlyCount "79"]
[EventDate "2006.11.04"]
[EventType "swiss"]
[EventRounds "11"]
[EventCountry "IND"]
[SourceTitle "EXT 2010"]
[Source "ChessBase"]
[SourceDate "2010.11.25"]
[SourceVersion "1"]
[SourceVersionDate "2010.11.25"]
[SourceQuality "1"]

1. e4 e5 2. Nf3 Nc6 3. Bb5 Bc5 4. 0-0 d6 5. c3 Bd7 6. d3 h6 7. Be3 Bxe3 8. fxe3 Nge7 9. Nbd2 0-0 10. Ba4 Ng6 11. Qe1 Nce7 12. Bb3 Kh7 13. d4 exd4 14. exd4 f5 15. e5 dxe5 16. Nxe5 Nxe5 17. dxe5 c5 18. Rd1 Qc7 19. e6 Bc6 20. Nf3 Bxf3 21. Rxf3 Rad8 22. Rxd8 Qxd8 23. Bc2 Qd5 24. b3 Rf6 25. c4 Qd4+ 26. Kf1 Qd6 27. h3 Rxe6 28. Qf2 Re5 29. g4 Qf6 30. Bxf5+ Nxf5 31. Rxf5 Rxf5 32. gxf5 b6 33. Kg2 Qg5+ 34. Kh2 Qf6 35. Kg2 Qc6+ 36. Qf3 Qf6 37. Qf2 Kg8 38. Qf3 a5 39. Qd5+ Kh7 40. Kf2 1/2-1/2

[Event "IND-ch U11 20th"]
[Site "Chennai"]
[Date "2006.11.09"]
[Round "9"]
[White "Majumdar, Chandrasish"]
[Black "Karma, Pandya"]
[Result "0-1"]
[WhiteElo "2000"]
[BlackElo "1787"]
[PlyCount "122"]
[EventDate "2006.11.04"]
[EventType "swiss"]
[EventRounds "11"]
[EventCountry "IND"]
[SourceTitle "EXT 2010"]
[Source "ChessBase"]
[SourceDate "2010.11.25"]
[SourceVersion "1"]
[SourceVersionDate "2010.11.25"]
[SourceQuality "1"]

1. e4 c5 2. Nf3 Nc6 3. d4 cxd4 4. Nxd4 g6 5. c4 Bg7 6. Be3 Nf6 7. Nc3 Ng4 8. Qxg4 Nxd4 9. Qd1 Ne6 10. Qd2 Qa5 11. Be2 Bxc3 12. bxc3 b6 13. 0-0 Bb7 14. Rfd1 d6 15. f3 g5 16. c5 Nxc5 17. Bxg5 Ne6 18. Be3 Rc8 19. Bd4 Nxd4 20. cxd4 Qxd2 21. Rxd2 Kd7 22. Bb5+ Bc6 23. Ba6 Rc7 24. d5 Bb7 25. Bb5+ Kd8 26. a4 Rc5 27. Rb1 Kc7 28. Rdb2 Kb8 29. a5 a6 30. Bd3 b5 31. Rb4 Rhc8 32. Kf2 Ka7 33. Ke2 Rc3 34. Ra1 Rg8 35. g3 h5 36. Kd2 Rc5 37. Rf1 Bc8 38. Re1 Bb7 39. Rg1 Bc8 40. Be2 f5 41. Rg2 fxe4 42. fxe4 Bg4 43. Rf2 Rgc8 44. Bxg4 hxg4 45. Rb2 Rc4 46. Rf4 Rg8 47. Rc2 Rxc2+ 48. Kxc2 Rg7 49. Kd3 Kb7 50. Kd4 Kc7 51. Rf2 Kd7 52. Rc2 Rg8 53. Rc6 Ra8 54. Ke3 e5 55. Kf2 Ra7 56. Kg2 Rb7 57. Rxa6 b4 58. Rc6 b3 59. Rc1 Rc7 60. Rb1 Rc2+ 61. Kf1 b2 0-1